LIBRARY & INFORMATION CENTRE, KCAET, TAVANUR

ONLINE PUBLIC ACCESS CATALOGUE (OPAC)

Text book of vector calculus with applications / (Record no. 9902)

MARC details
000 -LEADER
fixed length control field 00492cam a2200193ua 4500
041 ## - LANGUAGE CODE
Language code of text/sound track or separate title eng
082 ## - DEWEY DECIMAL CLASSIFICATION NUMBER
Classification number 515.63
Item number SHA/TE
100 ## - MAIN ENTRY--AUTHOR NAME
Personal name Shanti, Narayanan .
245 ## - TITLE STATEMENT
Title Text book of vector calculus with applications /
250 ## - EDITION STATEMENT
Edition statement 3 /
260 ## - PUBLICATION, DISTRIBUTION, ETC. (IMPRINT)
Place of publication New Delhi :
Name of publisher S.Chand and Co ,
Year of publication 1955.
300 ## - PHYSICAL DESCRIPTION
Number of Pages 317 ; .
700 1# - ADDED ENTRY--PERSONAL NAME
Personal name Kapur, J N .
942 ## - ADDED ENTRY ELEMENTS (KOHA)
Koha item type Books
Holdings
Withdrawn status Lost status Damaged status Home library Current library Date acquired Full call number Accession Number Koha item type
      KAUAET KAUAET 07/04/2012 515.63 4590 Books
free website counter